000 00585nam a2200229Ia 4500
003 OSt
005 20220928101728.0
006 a|||||r|||| 00| 0
007 ta
008 220927b |||||||| |||| 00| 0 hin d
024 _a138478
037 _cTextual
040 _aSDCL
_cSDCL
_bhin
041 _2hin
_ahin
082 _aO152:g, K91
100 _aDinesh
_9394357
245 0 _aSahityak anusandhan ke pratiman
260 _aDelhi
_bNational house
_c1969
300 _a1-182p
_ccm.
942 _hO152:g, K91
_cTEXL
_2CC
999 _c709909
_d709909